Mystery Taylor Swift Song #23 - Statistics

General Stats
  • This quiz has been taken 1,238 times
    1,158 since last reset
  • The average score is 22 of 108
Answer Stats
Song % Correct
a
71%
you
71%
Single
68%
The
68%
we
57%
and
56%
your
56%
it
54%
to
53%
when
53%
Where
51%
on
50%
In
49%
Is
49%
you're
48%
So
47%
It's
42%
They
42%
were
42%
don't
41%
for
40%
are
39%
this
38%
But
35%
see
29%
just
28%
now
28%
with
27%
Every
25%
eyes
25%
oh
25%
down
23%
never
23%
our
23%
got
22%
night
21%
open
21%
Keep
20%
thing
20%
Yeah
20%
you've
20%
here
19%
you'd
18%
Even
17%
Eyes Open
16%
everybody
15%
something
15%
waiting
15%
sleeping
14%
thought
14%
into
13%
make
13%
new
13%
two
13%
around
12%
around)
12%
break
12%
Everybody's
12%
happy
12%
watching
12%
fallout
11%
goes
11%
we've
11%
children
10%
far
10%
gotta
10%
they've
10%
Dreaming
9%
dreams
9%
Playing
9%
turn
9%
(turn
9%
world
9%
yesterday
9%
feet
8%
pretending
8%
ready
8%
cruel
7%
dark
7%
endings
7%
soldiers
7%
steady
7%
swords
7%
tricky
7%
backyards
6%
battles
6%
comes
6%
guard
6%
Heartbeat
6%
keeps
6%
nobody
6%
save
6%
scar
6%
score
6%
showdown
6%
(showdown)
6%
stands
6%
staying
6%
stepped
6%
wooden
6%
ahead
5%
forms
5%
lesson
5%
locked
5%
steps
5%
winning
5%
aim
4%
surrounded
4%
No matching quizzes found
Score Distribution
Percent of People with Each Score
Percentile by Number Answered
Your Score History
You have not taken this quiz since the last reset